000 01502nas a2200277Ia 4500
001 R050-R9926
003 IT-CnALBA
008 170116c99999999xx |||||||||||| ||und||
040 _aIT-CnALBA
_cIT-CnALBA
041 _aPOLIGLOTTA
100 _aCALVEZ JEAN-YVES, SJ.
210 _aGREGORIANUM
222 _aGREGORIANUM
245 0 _aGREGORIANUM. OTTOBRE DICEMBRE 1968. RIVISTA DI TEOLOGIA E FILOSOFIA.
250 _a1a ed.
260 _aROMA
_bGREGORIANA PONTIFICIA UNIVERSITÀ
_c1968 [1° Ed.:1968 - Ed.Ling.Originale: 1968]
300 _a200 p.
310 _aTRIMESTRALE
362 _aFascicolo: 4 / Anno: 49 (1968)
500 _aINDICE COMPLETO DELL'ANNATA 1968. ARTICOLI. NOTE. AUTORI. RECENSIONI. TITOLI DELLE OPERE. CHIESA E SVILUPPO. CONCEZIONE VERGINALE DI CRISTO. DISCORSO SU DIO. REVISIONE DA RIPENSARE, LUIGI DE MOLINA E LA SPECIFICAZIONE DELL'ATTO ATTRAVERSO L'OGGETTO FORMALE. LA TRINITÀ MAFELICA, A PROPOSITO DELLE AFFERMAZIONI DI TEODOTO.
501 _aSocietà San Paolo EM - Piazza San Paolo, 14 - 12051 ALBA (CN) (non commercial uses only) ® Copyright 2017
520 _aINDICE COMPLETO DELL'ANNATA 1968. ARTICOLI. NOTE. AUTORI. RECENSIONI. TITOLI DELLE OPERE. CHIESA E SVILUPPO. CONCEZIONE VERGINALE DI CRISTO. DISCORSO SU DIO. REVISIONE DA RIPENSARE, LUIGI DE MOLINA E LA SPECIFICAZIONE DELL'ATTO ATTRAVERSO L'OGGETTO FORMALE. LA TRINITÀ MAFELICA, A PROPOSITO DELLE AFFERMAZIONI DI TEODOTO.
650 _aTEOLOGIA - FILOSOFIA
942 _cCR
957 _71
999 _a61493
_bNO
_g1
_c328519
_d328519